000 00405pab a2200157 454500
008 180718b1995 xxu||||| |||| 00| 0 eng d
100 _aAbdul Aziz
245 _aNew economic policy
_bthe impact on rural growth.
260 _c1995
300 _ap.6
362 _a10 Oct
650 _aRural development - India
650 _aIndia - Economic policy
773 _aHindu (Business Line)
909 _a30530
999 _c30530
_d30530